000 00357nam a22001337a 4500
005 20250131091614.0
008 250131b |||||||| |||| 00| 0 eng d
020 _a9780751751406
050 _aHG4014
_bCOR
245 _aCorporate finance and taxation (Finance Act 2000)
260 _aLondon
_bBpp Publishing
_cc2001
300 _axvi,556p
942 _2lcc
_cBK
_n0
999 _c3276
_d3276